Statistics for Languages of Oceania

Click here to take the quiz!

General Stats

  • This quiz has been taken 22 times
  • The average score is 11 of 16

Answer Stats

Country(s)Language% Correct
All countriesEnglishCanIf
100%
FijiFijiananswercan
91%
New ZealandMaoriyouyou
86%
SamoaSamoan?this
86%
NauruNauruan?taking
82%
PalauPalauan?nice to see
77%
TongaTongan?whoever
77%
TuvaluTuvaluan?you
77%
Marshall IslandsMarshallese?this quiz
73%
VanuatuFrench?it is
68%
KiribatiGilbertese?you
68%
FijiHindiall,
68%
VanuatuBislama?are
45%
Papua New GuineaHiri Motuthesecan
41%
Papua New Guinea, New ZealandSign languageofyou
27%
Papua New GuineaPidginquestionstry
18%

Score Distribution

Percentile by Number Answered

Percent of People with Each Score

Your Score History

You have not taken this quiz